MARC details
| 000 -LÍDER |
| campo de controle de tamanho fixo |
01778nam a2200349 4500 |
| 001 - NÚMERO DE CONTROLE |
| campo de controle |
214 |
| 003 - IDENTIFICADOR DO NÚMERO DE CONTROLE |
| campo de controle |
OSt |
| 005 - DATA E HORÁRIO DA ÚLTIMA TRANSAÇÃO |
| campo de controle |
20250902095129.0 |
| 008 - CAMPO DE DADOS FIXOS--INFORMAÇÃO GERAL |
| campo de controle de tamanho fixo |
250203b |||||||g |||| 00| 1 eng d |
| 020 ## - ISBN - INTERNATIONAL STANDARD BOOK NUMBER |
| ISBN - International Standard Book Number |
8506037328 |
| 040 ## - FONTE DA CATALOGAÇÃO |
| Idioma da catalogação |
por |
| 041 ## - CÓDIGO DE IDIOMA |
| Código do idioma do original e/ou traduções intermediárias do texto |
eng |
| Código do idioma do texto/trilha sonora ou título diferente |
por |
| 082 ## - CDD - CLASSIFICAÇÃO DECIMAL DE DEWEY |
| Número de Classificação |
028.5 |
| Número do exemplar |
D754su |
| 100 1# - ENTRADA PRINCIPAL--NOME PESSOAL |
| Nome pessoal |
Doyle, Arthur Conan, |
| Datas associadas ao nome |
1859-1930 |
| 9 (RLIN) |
388 |
| 240 ## - TÍTULO UNIFORME |
| Título uniforme |
The adventures of Sherlock Holmes |
| 245 ## - TÍTULO |
| Título |
Sherlock Holmes: |
| Restante do título |
O último adeus de Sherlock Holmes / |
| Indicação de responsabilidade, etc. |
Doyle, Arthur Conan ; Tradução de Antonio Carlos Vilela |
| 260 ## - PUBLICAÇÃO, DISTRIBUIÇÃO, ETC. |
| Local de publicação, distribuição, etc. |
São Paulo |
| Nome do editor, distribuidor, etc. |
Melhoramentos |
| Data da publicação, distribuição, etc. |
2003 |
| 300 ## - DESCRIÇÃO FÍSICA |
| Extensão |
144 p. |
| 520 ## - NOTA DE RESUMO, ETC. |
| Resumo, etc. |
Sherlock Holmes ainda hoje é um dos mais atrantes personangens dos romances policiais. Desvendar crimes que pareciam insolúveis até mesmo para a Scotland Yard, a famosa polícia inglesa, fez do seu nome um sinônimo de "detetive".<br/><br/>E, como a vida parece mesmo imitar a ficção, a imortal criação de Sir Arthur Conan Doyle continua a despertar o interesse de jovens e adultos, de tal forma que seu endereço fictício - 221B, Baker Street - abriga hoje o museu do ilustre detetive, atraindo visitantes do mundo inteiro.<br/><br/>As fascinantes aventuras de Sherlock Holmes, escritas ao longo de quase quarenta anos, são agora apresentadas integralmente em nova tradução para o português, realizada por Antonio Carlos Vilela, autor de livros juvenis de muito sucesso. |
| 650 #0 - ASSUNTO--TERMO TÓPICO |
| Cabeçalho tópico ou nome geográfico |
Literatura Inglesa |
| 9 (RLIN) |
89 |
| 650 #0 - ASSUNTO--TERMO TÓPICO |
| Cabeçalho tópico ou nome geográfico |
Adaptação |
| 9 (RLIN) |
788 |
| 650 #0 - ASSUNTO--TERMO TÓPICO |
| Cabeçalho tópico ou nome geográfico |
Crime e Investigação |
| 9 (RLIN) |
13 |
| 650 #0 - ASSUNTO--TERMO TÓPICO |
| Cabeçalho tópico ou nome geográfico |
Romance Policial |
| 9 (RLIN) |
11 |
| 650 #0 - ASSUNTO--TERMO TÓPICO |
| Cabeçalho tópico ou nome geográfico |
Suspense |
| 9 (RLIN) |
10 |
| 650 #0 - ASSUNTO--TERMO TÓPICO |
| Cabeçalho tópico ou nome geográfico |
Mistério |
| 9 (RLIN) |
42 |
| 650 #0 - ASSUNTO--TERMO TÓPICO |
| Cabeçalho tópico ou nome geográfico |
Clássicos |
| 9 (RLIN) |
77 |
| 650 #0 - ASSUNTO--TERMO TÓPICO |
| Cabeçalho tópico ou nome geográfico |
Filme |
| 9 (RLIN) |
26 |
| 655 #0 - TERMO DE ÍNDICE--GÊNERO E FORMA |
| Gênero/forma/ou termo foco |
Romance |
| 655 #0 - TERMO DE ÍNDICE--GÊNERO E FORMA |
| Gênero/forma/ou termo foco |
Ficção |
| 700 1# - ENTRADA ADICIONADA - NOME PESSOAL |
| Nome pessoal |
Vilela, Antonio Carlos, |
| Datas associadas ao nome |
1966- |
| Função do autor por extenso |
Tradutor |
| 9 (RLIN) |
1015 |
| 942 ## - ELEMENTOS DE ENTRADA ADICIONADOS (KOHA) |
| Fonte de classificação ou esquema de arquivamento |
Classificação decimal de Dewey |
| Ocultar no OPAC |
Não |
| Tipo de material Koha |
Livros |